000 00975nam a22002531a 4500
001 27191
003 BD-RjUL
005 20211209051126.0
008 140324r19631958ne 1 0 eng d
035 _a(BD-RjUL) 27263
035 _a(BD-RjUL)
040 _aNUN
_beng
_cNUN
_dANL
_dBD-RjUL
041 _aeng
082 0 4 _a958
_bBAF V-2 1963
100 1 _aBarthold, Vasilii Vladimirovich.
_983462
245 1 0 _aFour studies on the history of Central Asia /
_cby V.V.Barthold; trans. from the Russian by V. and T.Minorsky.
_nVolume II :
_pUlugh-Beg
260 _aLeiden :
_bBrill,
_c1958. [Reprinted 1963]
300 _a200p. :
_bill. ;
_c22cm.
490 1 _aRussian translation / (American Council of Learned Societies
504 _aIncludes Index
505 0 _aVol.1, A short history of Turkestan; History of te Semirechye. Vol.2, Ulugh-beg. 1958. Vol.3, Mir Ali-Shir; A history of the Turkman people. 1962.
651 0 _aAsia, Central
_xHistory.
_969616
942 _2ddc
_cBK
999 _c27191
_d27191